000 02731cam a22001814a 4500
005 20250605164403.0
008 250528s ||||||||||||||||||||||||d
035 _a24710
040 _aGR-AtMCL
_bgre
_dGR-AtMCL
_eAACR2
245 1 _aΤο Μέλλον Τώρα / Το ΥΓΕΙΑ Πρωτοπορεί στην Εξέλιξη της Χειρουργικής Επενδύοντας σε Εξοπλισμό και Τεχνολογίες Ρομποτικής
260 _bCreative Concept,
_c2022
300 _a120
520 _aΔιακοπή Καπνίσματος: Χρήσιμες Συμβουλές, Λαρρυγγοφαρυγγική Παλινδρόμηση, Alzheimer: Τι Γνωρίζουμε για τη Νόσο Σήμερα, Τροφική Δηλητηρίαση ή Γαστρεντερίτιδα, Δερματοσκόπηση: Έγκαιρη Διάγνωση του Δερματικού Καρκίνου, Η Συμβολή της Απεικόνισης στη Χειρουργική, Σύμπλοκες Αγγειοπλαστικές Στεφανιαίων Αρτηριών, Σύνδρομο Ευερέθιστου Εντέρου: Διατροφική Αντιμετώπιση, ΑΦΙΕΡΩΜΑ: Το Μέλλον Τώρα: Η Εξέλιξη της Χειρουργικής στο ΥΓΕΙΑ, Αφαίρεση Καλοήθων Μορφωμάτων Μαστού με Αναρρόφηση, Σχιστίες Χείλους και Φατνίου και Υπερώας: Πρωτοποριακή Αντιμετώπιση, Κακώσεις της Μύτης στα Παιδιά, Αποφρακτικές Πνευμονοπάθειες: Χ.Α.Π. - ΆΣΘΜΑ - Βρογχεκτασίες, Οι Πρώτες Μέρες του Μωρού στο Σπίτι, ALL INSIDE: Τεχνική Αποκατάστασης Ρήξης Πρόσθιου Χιαστού, Εμβρυϊκό Υπερηχογράφημα: Πότε Διενεργείται και Γιατί, Βιταμίνη D: Στα Βρέφη και στα Νήπια, Αντι-Μυλλέριος Ορμόνη (amb): Ο Ρόλος της στην Αναπαραγωγή, Αμνιοπαρακέντηση: Ενδείξεις και Οφέλη και Κίνδυνοι, Κύηση και COVID-19, Λειτουργική Ρινοπλαστική: Όλα Όσα Πρέπει να Γνωρίζετε, Ενδομητρίωση: Μια Ύπουλη Νόσος, Ογκίδια Μαστού: Στην Εγκυμοσύνη και στον Θηλασμό, Συμπτωματική Χολολιθίαση κατά τη Διάρκεια της Εγκυμοσύνης.
700 1 _aΒασιλάκη Κατερίνα
_99488
942 _cCR
999 _c9575
_d9575